| 000 | 01011nam-a2200241-a-4500 | ||
|---|---|---|---|
| 001 | 000124490 | ||
| 003 | AM-YeHGA | ||
| 005 | 20250617161529.0 | ||
| 008 | 990429s1951 xxu 000 0 rus u | ||
| 020 | _c50.00 | ||
| 040 | _aAM-YeHGA | ||
| 100 | 1 | _aГинзбург, И.И. | |
| 245 | 1 | 0 |
_aМинералы древней коры выветривания Урала / _cИ.И. Гинзбург, И.А. Рукавишникова ; ИГН АН СССР ; Глав. ред. Д.С. Белянкин ; Отв. ред. Н.М. Прокопенко. |
| 260 |
_aМосква : _bАН СССР , _c1951. |
||
| 300 |
_a715 с. : _bил. |
||
| 504 | _aСписок лит. с. 967-705 | ||
| 650 | 1 | 4 | _aОписательная минералогия |
| 700 | 1 | _aРукавишникова, И.А. | |
| 700 | 1 |
_aБелянкин, Д.С. _eред. _4edt |
|
| 700 | 1 |
_aПрокопенко, Н.М. _eред. _4edt |
|
| 710 | 2 | _aИнститут геологических наук АН СССР | |
| 090 | _c476317 | ||
| 999 |
_c473052 _d473052 |
||